Cómo redactar textos científicos en inglés: for spanish speakers (Registro nro. 13431)
[ vista simple ]
| 000 -Cabecera | |
|---|---|
| Campo de control de longitud fija | 01044nam a22003497a 4500 |
| 005 - Fecha y hora de la última transacción | |
| Campo de control | 20260407172816.0 |
| 008 - Elementos de longitud fija--Información general | |
| Campo de control de longitud fija | 230222b2020 |||||||| |||| 00| 0 eng d |
| 020 ## - International Standard Book Number | |
| Número Internacional Estándar del Libro (ISBN) | 9788416228959 |
| 041 ## - Idioma | |
| Código de idioma | Inglés |
| 082 ## - Clasificación Decimal Dewey | |
| Número de clasificación | 001.42 N458c |
| 100 ## - Entrada principal--Autor personal | |
| Nombre personal | Nesbitt, David |
| 245 ## - Título propiamente dicho | |
| Título | Cómo redactar textos científicos en inglés: for spanish speakers |
| 260 ## - Pie de imprenta | |
| Lugar de publicación, distribución, etc. | España |
| 260 ## - Pie de imprenta | |
| Nombre del editor, distribuidor, etc. | Ibergarceta Publicaciones |
| 260 ## - Pie de imprenta | |
| Fecha de publicación, distribución, etc. | 2020 |
| 300 ## - Descripción física | |
| Extensión | 560 páginas |
| Otras características físicas | Contiene ilustraciones blanco y negro |
| 490 ## - Serie | |
| Título de la Serie | Temática General |
| 650 ## - Materia general | |
| Temática (materia general) | MÉTODOS DE INVESTIGACIÓN |
| 650 ## - Materia general | |
| Temática (materia general) | REDACCIÓN ACADÉMICA |
| 650 ## - Materia general | |
| Temática (materia general) | ESCRITURA CIENTÍFICA |
| 650 ## - Materia general | |
| Temática (materia general) | ESTRATEGIA DE LA ESCRITURA |
| 650 ## - Materia general | |
| Temática (materia general) | CITACIÓN |
| 650 ## - Materia general | |
| Temática (materia general) | REFERENCIAS |
| 650 ## - Materia general | |
| Temática (materia general) | PRESENTACIÓN DEL MANUSCRITO |
| 650 ## - Materia general | |
| Temática (materia general) | CARTA DE PRESENTACIÓN |
| 650 ## - Materia general | |
| Temática (materia general) | CURRÍCULUM VITAE |
| 650 ## - Materia general | |
| Temática (materia general) | TEORÍA DE LA ESCRITURA |
| 650 ## - Materia general | |
| Temática (materia general) | MECANISMOS DE LA ESCRITURA |
| 650 ## - Materia general | |
| Temática (materia general) | ESTRUCTURA DE ORACIONES |
| 650 ## - Materia general | |
| Temática (materia general) | CONSTRUCCIÓN DE ORACIONES |
| 942 ## - Punto de acceso adicional KOHA | |
| Tipo de ítem KOHA | Libro |
| Fuente del sistema de clasificación o colocación | Dewey Decimal Classification |
| Signatura completa | Código de barras | Programa Académico | Tipo de ítem |
|---|---|---|---|
| 001.42 N458c | 25610 | Libro | |
| 001.42 N458c | 25611 | Libro |